书目信息 |
| 书名: | Why a Curveball Curves | |
| 作者: | Frank Vizard | |
| 分册号: | ||
| 分册名: | 出版地: | NEW YORK |
|
| 出版社: | Hearst Books | |
| 出版时间: | 2008 | |
| 页数: | 224P | |
| 开本: | 26CM | |
| 丛书名: | ||
| 中图分类号: | ||
| 科图分类号: | ||
| 其他分类号: | J732.8 | |
| 主题词: | ||
| 电子资源: | ||
| 000 | 00374nam0 2200133 450 | |
| 001 | 202012000918 | |
| 005 | 20121107164654.0 | |
| 008 | 12102501s | |
| 020 | @a9781588164759@c$19.95 | |
| 099 | @dJ732.8@eF8289 | |
| 245 | 10 | @aWhy a Curveball Curves@c Frank Vizard |
| 260 | 0 | @aNEW YORK@bHearst Books @c2008 |
| 300 | @a224P@c26CM | |
| 905 | @aTSG@b009630@dJ732.8@eF8289 | |
| Why a Curveball Curves / Frank Vizard .-NEW YORK : Hearst Books , 2008 |
| 224P ; 26CM |
| ISBN 9781588164759$19.95 |
| ● |
| 相关链接 |
|
|
|
正题名:Why a Curveball Curves
索取号:J732.8/F8289
 
预约/预借
| 序号 | 登录号 | 条形码 | 馆藏地/架位号 | 状态 | 备注 |
| 1 | 9630 | 300096303 | 社科库309/309社科库 992排2列3层/ [索取号:J732.8/F8289] | 在馆 |